| 000 | 00522nmm a2200181Ia 4500 | ||
|---|---|---|---|
| 008 | 251105s9999||||xx |||||||||||||||||und|| | ||
| 020 | _a8484295869 | ||
| 041 | _aspa | ||
| 100 | _aCarrasco Bengoa, Cristina | ||
| 245 | 0 | _aProblemas macroeconómicos | |
| 264 |
_a[Madrid, España] : _bUOC Papers, _c2002 |
||
| 300 | _a46 páginas | ||
| 650 | _aEconomics and Business | ||
| 700 | _aCarrasco Bengoa, Cristina | ||
| 700 | 1 | _a Tugores Ques, Joan | |
| 856 | _uhttps://public.digitaliapublishing.com/a/5731 | ||
| 942 | _cCF | ||
| 999 |
_c63607 _d63607 |
||